000 02170nam a2200457 i 4500
001 195977
003 ES-MaACL
005 20250720063107.0
008 240801s2020 sp a | |||| 001 0dspa
015 _aMON20
017 _aB 15133-2020
_bOficina Depósito Legal Barcelona
020 _a9788423358199
035 _a(SpMaBN)a6765372
040 _aSpMaBN
_bspa
_cSpMaBN
_erda
_dES-MaACL
080 _a929 Trapiello, Andrés
080 _a94(460.271)
080 _a908(460.271)
100 1 _aTrapiello, Andrés,
_d1953-
_eaut
_9111233
245 1 0 _aMadrid /
_cAndrés Trapiello
250 _aPrimera edición: octubre de 2020
264 1 _aBarcelona :
_bEdiciones Destino,
_c[2020]
264 4 _c©2020
300 _a554 páginas :
_bilustraciones (blanco y negro y color), plano (blanco y negro) ;
_c23 cm
336 _aTexto
_aImagen fija
_2rdacontent
337 _asin mediación
_2rdamedia
338 _avolumen
_2rdacarrier
490 0 _aImago mundi
_v308
500 _aÍndice
520 _aLa historia de una vida y de una ciudad, MADRID, contada de manera prodigiosa, original y apasionada por alguien que llegó a ella hace cincuenta años como tantos: probando fortuna. Este libro es también la biografía de su autor, trenzada igualmente con los viajes de agua, los barrios bajos y los nobles, con reyes, repúblicas y dictaduras, el esplendor y las miserias, la paz y las guerras o la Movida... Y es sobre todo la proclamación de una gran virtud reiterada en este libro magistral y único: la hospitalidad de quienes viven en Madrid.
600 0 4 _aTrapiello, Andrés,
_d1953-
_9111233
651 4 _aMadrid-
_xHistoria
_2embne
_98963
651 4 _aMadrid-
_xDescripción
_2embne
_98952
655 7 _2tgfbne
_9226823
_aAutobiografías
852 _aES-MaACL
_cDEPOJ
_jN-10126
_hDonación: José Lázaro García
_xEncuadernación cartoné con sobrecubierta
_f"Lázaro 2023"
_9206260
903 _9234219
_aLázaro García, José
_ednr
942 _cMONOGRAFIA
_n0
999 _c195977
_d195977